Tardos-Taussig Ármin emlékezetéhez
Elmentve itt :
| Szerző: | |
|---|---|
| Dokumentumtípus: | Cikk |
| Megjelent: |
1936-03-01
|
| Sorozat: | Délmagyarország
12 No. 53 |
| Kulcsszavak: | Tardos-Taussig Ármin, Nekrológ |
| Online Access: | http://dmarchiv.bibl.u-szeged.hu/40172 |
| LEADER | 00477nab a2200157 i 4500 | ||
|---|---|---|---|
| 001 | delm40172 | ||
| 005 | 20180927130032.0 | ||
| 008 | 180927s1936 hu o 0|| hun d | ||
| 040 | |a SZTE Délmagyarország Archívum |b hun | ||
| 041 | |a hun | ||
| 100 | 1 | |a Obermayer Ernő | |
| 245 | 1 | 0 | |a Tardos-Taussig Ármin emlékezetéhez |h [elektronikus dokumentum] / |c Obermayer Ernő |
| 260 | |c 1936-03-01 | ||
| 300 | |a 12 | ||
| 490 | 0 | |a Délmagyarország |v 12 No. 53 | |
| 695 | |a Tardos-Taussig Ármin, Nekrológ | ||